Discriminatory fertilizer usage in rubber: A case study (Record no. 48451)

MARC details
000 -LEADER
fixed length control field 00410nam a2200145Ia 4500
100 ## - MAIN ENTRY--AUTHOR NAME
Personal name Nair A.N.S.
245 #0 - TITLE STATEMENT
Title Discriminatory fertilizer usage in rubber: A case study
260 ## - PUBLICATION, DISTRIBUTION, ETC. (IMPRINT)
Name of publisher Rubber Board Bulletin
Year of publication 1987
300 ## - PHYSICAL DESCRIPTION
Number of Pages 27-30
650 ## - SUBJECT ADDED ENTRY--TOPICAL TERM
Topical Term Discriminatory fertilizer application
700 ## - ADDED ENTRY--PERSONAL NAME
Personal name Karthikakuttyamma M.
700 ## - ADDED ENTRY--PERSONAL NAME
Personal name Mathew M.
942 ## - ADDED ENTRY ELEMENTS (KOHA)
Koha item type Bibliography STAF
Holdings
Withdrawn status Lost status Damaged status Not for loan Home library Current library Shelving location Date acquired Serial Enumeration / chronology Koha item type
      Bibliography RRII Library RRII Library Agronomy 09/04/2014 Volume 22, Issue 4 Bibliography STAF